000 00370cam a22001337a 4500
008 180718b1974 xxu||||| |||| 00| 0 eng d
082 _aB131x54 R18u
245 _aUrban sociology in India
_cedited by M.S.A. Rao
260 _aNew Delhi
_bOrient Longman
_c1974
300 _a542p.
650 _aUrbanization - India.
650 _aSociology, Urban
700 _aRao, M.S.A.
999 _c352331
_d352331